000 01125nam a22002297a 4500
001 8606
003 FISKH
005 20251002142623.0
008 251002b cb ||||| |||| 00| 0 eng d
020 _a9780194343268
040 _aFISKH
_beng
_cFISKH
_dFISKH
050 _aPE1629.P38
082 _a428.24
100 _aZevin, Patricia E.
245 _aThe new Oxford picture dictionary :
_bBeginner's workbook /
_cby Patricia E. Zevin
260 _aNew York :
_bOxford University Press,
_c1989.
300 _a130 pages :
_bcolor illustrations ;
_c29 cm
520 _aThe New Oxford Picture Dictionary and its components provide a complete, four-skills language development program. The program is:* Practical - a wide range of topics introduce new words in their most common context.* Easy to use - vocabulary items are presented without ambiguity or the need for translation.* Versatile - the Dictionary itself and its components have unlimited applications.* Flexible - the Dictionary can be used alone or with its components.
650 _aPicture dictionary
_vEnglish Teaching
942 _2ddc
_cBK
_n0
999 _c8606
_d8606